000 00719cam a2200217 a 4500
001 000009657
005 20200929161647.0
008 811214s1980 ve f000 0 spa
040 _aDO-SdBNP
_cDLC
_dDLC
082 _aV862.44
_bR763i
100 1 _aRomero, Mariela.
_924541
245 1 3 _aEl inevitable destino de Rosa de la Noche :
_bobra en tres escenas /
_cMariela Romero.
260 _aCaracas :
_bDirección General de Cultura de la Gobernación del Distrito Federal y Fundarte,
_c1980.
300 _a112 p. ;
_c21 cm.
490 1 _aBreves
650 4 _aTeatro venezolano
_923074
650 4 _aLiteratura venezolana
_93816
830 0 _aBreves ;
_924542
910 _aCatalogación por copia / LC
049 _aBNGR
999 _c9417
_d9417